Statistics for Billie Eilish - Bad Guy Lyrics

Click here to take the quiz!

General Stats

  • This quiz has been taken 559 times
    (245 since last reset)
  • The average score is 191 of 252

Answer Stats

Lyric% Correct
I
98%
guy
98%
Bad
97%
bad
97%
a
97%
you
95%
You
95%
your
92%
no
91%
the
91%
I'm
91%
Like
90%
the
90%
to
90%
like
90%
so
89%
So
89%
my
88%
on
88%
My
88%
White
87%
do
85%
shirt
85%
tough
83%
rough
82%
it
82%
you're
82%
when
82%
know
81%
dad
81%
don't
81%
Don't
81%
type
81%
really
80%
Duh
79%
nose
77%
bloody
77%
toes
76%
me
76%
red
76%
mad
76%
what
75%
tippy
75%
get
74%
Make
74%
sad
73%
now
72%
knees
71%
Just
70%
Creeping
70%
seduce
70%
Might
69%
want
69%
one
69%
girlfriend
68%
criminal
68%
mama
68%
enough
68%
say
67%
both
67%
that
67%
Think
67%
can't
66%
she
66%
If
65%
always
65%
if
65%
for
65%
Bruises
64%
take
63%
But
63%
knows
62%
control
62%
around
62%
thank
61%
be
61%
Even
60%
please
60%
Sleeping
60%
men
59%
cynical
57%
or
56%
wanting
56%
sing
56%
Chest
55%
with
55%
along
54%
Own
53%
see
52%
mean
51%
won't
51%
puffed
51%
soul
49%
I'll
49%
lyrics
48%
of
48%
pity
48%
mommy
48%
this
48%
song
48%
all
47%
likes
47%
cologne
46%
animal
46%
it's
46%
scared
46%
'cause
45%
reads
44%
wearing
44%
sees
44%
let
44%
play
44%
pretty
44%
alone
44%
role
43%
maybe
42%
glad
41%
She'll
41%
guess
40%
said
35%
she's
35%
good
31%
at
30%
being
28%
only
27%

Score Distribution

Percentile by Number Answered

Percent of People with Each Score

Your Score History

You have not taken this quiz since the last reset